<?xml version="1.0" encoding="UTF-8"?>
<record
    xmlns:xsi="http://www.w3.org/2001/XMLSchema-instance"
    xsi:schemaLocation="http://www.loc.gov/MARC21/slim http://www.loc.gov/standards/marcxml/schema/MARC21slim.xsd"
    xmlns="http://www.loc.gov/MARC21/slim">

  <leader>03142cam a2200505a 44500</leader>
  <controlfield tag="001">184634</controlfield>
  <controlfield tag="003">MCQU-184634</controlfield>
  <controlfield tag="005">20260317120415.0</controlfield>
  <controlfield tag="008">000000s2001   |ag ||||||||||000 | sspa|</controlfield>
  <datafield tag="020" ind1=" " ind2=" ">
    <subfield code="a">9507862854</subfield>
  </datafield>
  <datafield tag="040" ind1=" " ind2=" ">
    <subfield code="a">MCQU</subfield>
  </datafield>
  <datafield tag="041" ind1=" " ind2=" ">
    <subfield code="a">spa</subfield>
  </datafield>
  <datafield tag="044" ind1=" " ind2=" ">
    <subfield code="c">ES</subfield>
  </datafield>
  <datafield tag="082" ind1=" " ind2=" ">
    <subfield code="2">20</subfield>
    <subfield code="a">909.82</subfield>
    <subfield code="b">MUND 965</subfield>
  </datafield>
  <datafield tag="245" ind1="0" ind2="3">
    <subfield code="a">El mundo contempor&#xE1;neo :</subfield>
    <subfield code="b">historia y problemas /</subfield>
  </datafield>
  <datafield tag="260" ind1=" " ind2=" ">
    <subfield code="a">Buenos Aires :</subfield>
    <subfield code="b">Biblos :</subfield>
    <subfield code="b">Cr&#xED;tica,</subfield>
    <subfield code="c">c2001.</subfield>
  </datafield>
  <datafield tag="300" ind1=" " ind2=" ">
    <subfield code="a">958 p.</subfield>
    <subfield code="b">il., tablas, mapas ;</subfield>
    <subfield code="c">22 cm.</subfield>
  </datafield>
  <datafield tag="500" ind1=" " ind2=" ">
    <subfield code="a">Incluye t&#xED;tulos de la colecci&#xF3;n</subfield>
  </datafield>
  <datafield tag="504" ind1=" " ind2=" ">
    <subfield code="a">Incluye referencias bibliogr&#xE1;ficas (p. 913-952), e &#xED;ndice.</subfield>
  </datafield>
  <datafield tag="505" ind1=" " ind2="0">
    <subfield code="t">Introducci&#xF3;n general: or&#xED;genes y problemas del mundo contempor&#xE1;neo /</subfield>
    <subfield code="r">Julio Ar&#xF3;stegui.</subfield>
    <subfield code="g">p. 19-63.</subfield>
  </datafield>
  <datafield tag="505" ind1=" " ind2="0">
    <subfield code="t">Primera parte: La conformaci&#xF3;n del mundo contempor&#xE1;neo</subfield>
  </datafield>
  <datafield tag="505" ind1=" " ind2="0">
    <subfield code="t">Cap&#xED;tulo 1. El nacimiento de las sociedades industriales /</subfield>
    <subfield code="r">Mar&#xED;a In&#xE9;s Barbero.</subfield>
    <subfield code="g">p. 67-118.</subfield>
  </datafield>
  <datafield tag="505" ind1=" " ind2="0">
    <subfield code="t">Cap&#xED;tulo 2. Las revoluciones burguesas y los sistemas pol&#xED;ticos del siglo XIX /</subfield>
    <subfield code="r">Judith Casali de Babot ; Luciano de Privitellio.</subfield>
    <subfield code="g">p. 119-179.</subfield>
  </datafield>
  <datafield tag="505" ind1=" " ind2="0">
    <subfield code="t">Cap&#xED;tulo 3. Las relaciones internacionales de una guerra general a otra /</subfield>
    <subfield code="r">Cristian Buchrucker ; Susana Dawbarn.</subfield>
    <subfield code="g">p. 181-223.</subfield>
  </datafield>
  <datafield tag="505" ind1=" " ind2="0">
    <subfield code="t">Cap&#xED;tulo 4. La trayectoria de la filosof&#xED;a y la cristalizaci&#xF3;n de las ideolog&#xED;as de la modernidad /</subfield>
    <subfield code="r">Juan Sisinio P&#xE9;rez Garz&#xF3;n.</subfield>
    <subfield code="g">p. 225-267.</subfield>
  </datafield>
  <datafield tag="505" ind1=" " ind2="0">
    <subfield code="t">Cap&#xED;tulo 5. Ciencia, arte y mentalidades en el siglo XIX /</subfield>
    <subfield code="r">Francisco Villacorta Ba&#xF1;os ; Teresa Raccolin.</subfield>
    <subfield code="g">p. 269-325.</subfield>
  </datafield>
  <datafield tag="505" ind1=" " ind2="0">
    <subfield code="t">Cap&#xED;tulo 6. La expansi&#xF3;n de los europeos en el mundo /</subfield>
    <subfield code="r">Elena Hern&#xE1;ndez Sandoica.</subfield>
    <subfield code="g">p. 327-368.</subfield>
  </datafield>
  <datafield tag="505" ind1=" " ind2="0">
    <subfield code="t">Cap&#xED;tulo 7. Am&#xE9;rica Latina en el siglo XIX /</subfield>
    <subfield code="r">Elda E. Gonz&#xE1;lez Mart&#xED;nez ; Rosario Sevilla.</subfield>
    <subfield code="g">p. 369-413.</subfield>
  </datafield>
  <datafield tag="505" ind1=" " ind2="0">
    <subfield code="t">Segunda parte: La contemporaneidad reciente : el siglo XX</subfield>
  </datafield>
  <datafield tag="505" ind1=" " ind2="0">
    <subfield code="t">Cap&#xED;tulo 8. Las transformaciones econ&#xF3;micas /</subfield>
    <subfield code="r">Jorge Saborido.</subfield>
    <subfield code="g">p. 417-473.</subfield>
  </datafield>
  <datafield tag="505" ind1=" " ind2="0">
    <subfield code="t">Cap&#xED;tulo 9. Un siglo de guerras y revoluciones /</subfield>
    <subfield code="r">Cristian Buchrucker ; Susana Dawbarn ; Jorge Saborido ; Carolina Ferraris.</subfield>
    <subfield code="g">p. 475-546.</subfield>
  </datafield>
  <datafield tag="505" ind1=" " ind2="0">
    <subfield code="t">Cap&#xED;tulo 10. La sociedad  y los movimientos sociales /</subfield>
    <subfield code="r">Manuel Gonz&#xE1;lez de Molina.</subfield>
    <subfield code="g">p. 547-595.</subfield>
  </datafield>
  <datafield tag="505" ind1=" " ind2="0">
    <subfield code="t">Cap&#xED;tulo 11. Los desaf&#xED;os ideol&#xF3;gicos /</subfield>
    <subfield code="r">Cristian Buchrucker ; Susana Dawbarn.</subfield>
    <subfield code="g">p. 597-634.</subfield>
  </datafield>
  <datafield tag="505" ind1=" " ind2="0">
    <subfield code="t">Cap&#xED;tulo 12. El progresos de la ciencia, las artes y el pensamiento /</subfield>
    <subfield code="r">Julio Ar&#xF3;stegui ; Ana Mar&#xED;a Fern&#xE1;ndez Garc&#xED;a ; Glicerio S&#xE1;nchez Recio.</subfield>
    <subfield code="g">p. 635-695.</subfield>
  </datafield>
  <datafield tag="505" ind1=" " ind2="0">
    <subfield code="t">Cap&#xED;tulo 13. El proceso de descolonizaci&#xF3;n y los nuevos protagonistas /</subfield>
    <subfield code="r">Montserrat Huguet.</subfield>
    <subfield code="g">p. 697-746.</subfield>
  </datafield>
  <datafield tag="505" ind1=" " ind2="0">
    <subfield code="t">Cap&#xED;tulo 14. Am&#xE9;rica Latina (1914-1990) /</subfield>
    <subfield code="r">Liliana Catt&#xE1;neo ; Lucas Luchilo.</subfield>
    <subfield code="g">p. 747-786.</subfield>
  </datafield>
  <datafield tag="505" ind1=" " ind2="0">
    <subfield code="t">Cap&#xED;tulo 15. &#xBF;Hacia una nueva &#xE9;poca? Los a&#xF1;os 90 /</subfield>
    <subfield code="r">Julio Ar&#xF3;stegui ; Jorge Saborido.</subfield>
    <subfield code="g">p. 787-848.</subfield>
  </datafield>
  <datafield tag="650" ind1=" " ind2="7">
    <subfield code="2">unesco</subfield>
    <subfield code="a">HISTORIA CONTEMPORANEA</subfield>
    <subfield code="9">126</subfield>
  </datafield>
  <datafield tag="650" ind1=" " ind2="7">
    <subfield code="2">unescot</subfield>
    <subfield code="a">INDUSTRIALIZACION</subfield>
    <subfield code="9">3138</subfield>
  </datafield>
  <datafield tag="650" ind1=" " ind2="7">
    <subfield code="a">GUERRA MUNDIAL</subfield>
    <subfield code="2">unescot</subfield>
    <subfield code="9">5160</subfield>
  </datafield>
  <datafield tag="700" ind1="1" ind2=" ">
    <subfield code="a">Ar&#xF3;stegui, Julio</subfield>
    <subfield code="9">12281</subfield>
    <subfield code="e">dir.</subfield>
  </datafield>
  <datafield tag="700" ind1="1" ind2=" ">
    <subfield code="a">Buchrucker, Cristian</subfield>
    <subfield code="9">4065</subfield>
    <subfield code="e">dir.</subfield>
  </datafield>
  <datafield tag="700" ind1="1" ind2=" ">
    <subfield code="a">Saborido, Jorge</subfield>
    <subfield code="9">8503</subfield>
    <subfield code="e">dir.</subfield>
  </datafield>
  <datafield tag="942" ind1=" " ind2=" ">
    <subfield code="c">PRECATALOG</subfield>
  </datafield>
  <datafield tag="999" ind1=" " ind2=" ">
    <subfield code="c">8373</subfield>
    <subfield code="d">8374</subfield>
  </datafield>
  <datafield tag="952" ind1=" " ind2=" ">
    <subfield code="0">0</subfield>
    <subfield code="1">0</subfield>
    <subfield code="4">0</subfield>
    <subfield code="7">0</subfield>
    <subfield code="a">UNM</subfield>
    <subfield code="b">UNM</subfield>
    <subfield code="d">2017-11-15</subfield>
    <subfield code="e">Donaci&#xF3;n Alejandra Calamano</subfield>
    <subfield code="i">14880</subfield>
    <subfield code="l">0</subfield>
    <subfield code="o">909.82 MUND 965</subfield>
    <subfield code="p">14880</subfield>
    <subfield code="r">2017-11-15 00:00:00</subfield>
    <subfield code="t">Ej. C</subfield>
    <subfield code="w">2017-11-15</subfield>
    <subfield code="y">LIBRO</subfield>
  </datafield>
</record>
